|
|
|
|
| LEADER |
01227nam a22002657a 4500 |
| 001 |
AAL1991 |
| 003 |
BD-DhAAL |
| 005 |
20160318202542.0 |
| 008 |
160318s 1994bg a|||| b||| 00| 0 ben d |
| 020 |
|
|
|a 9845130062
|
| 040 |
|
|
|a BD-DhAAL
|c BD-DhAAL
|
| 082 |
|
|
|2 22
|a 307.1/4/095492
|
| 100 |
|
|
|a সেন্দেল, ভেলাম ভান
|9 18604
|
| 245 |
|
|
|a গ্রামীন বাংলাদেশে কৃষক গতিশীলতা /
|c ভেলাম ভান সেন্দেল, অনুবাদ ডালেম চন্দ্র বর্মণ
|
| 250 |
|
|
|a 1st ed.
|
| 260 |
|
|
|a ঢাকা :
|b সনিকে নিরীক্ষণ কেন্দ্র,
|c ১৯৯৪
|
| 300 |
|
|
|a ৪৩১ পৃ. :
|b চিত্র ;
|c ২২ সে.মি.
|
| 504 |
|
|
|6 Includes bibliography
|
| 541 |
|
|
|e 1991
|
| 650 |
|
|
|a Rural development
|z Bangladesh.
|9 18605
|
| 700 |
|
|
|a বর্মণ, ডালেম চন্দ্র
|9 18606
|
| 852 |
|
|
|a Savar Campus Library
|c General Stacks
|
| 942 |
|
|
|2 ddc
|c BK
|
| 999 |
|
|
|c 37151
|d 37151
|
| 952 |
|
|
|0 0
|1 0
|2 ddc
|4 0
|6 307_100000000000000_4_095492_SEN
|7 0
|9 58421
|a SCL
|b SCL
|c GEN
|d 2016-03-18
|g 300.00
|l 0
|o 307.14095492 SEN
|p 3020001991
|r 2016-03-18
|t 1
|w 2016-03-18
|y BK
|